[Event "South African op"]
[Site "Cape Town"]
[Date "2022.07.11"]
[Round "5"]
[White "Meyer, Pravin"]
[Black "Goredema, Dione"]
[Result "0-1"]
[WhiteElo "1162"]
[BlackElo "1719"]
[PlyCount "144"]
[EventDate "2022.07.09"]
[EventType "swiss"]
[EventRounds "11"]
[EventCountry "RSA"]
[SourceTitle "CBM 209 Extra"]
[Source "ChessBase"]
[SourceDate "2022.09.30"]
[SourceVersion "1"]
[SourceVersionDate "2022.09.30"]
[SourceQuality "1"]

1. d4 Nf6 2. Bf4 c5 3. Nf3 cxd4 4. Nxd4 e5 5. Bxe5 Qa5+ 6. c3 Qxe5 7. Nd2 d5 8. N2f3 Qc7 9. e3 Be7 10. Be2 0-0 11. Qc2 Nc6 12. Nf5 Ne4 13. Ng3 f5 14. Nh5 Bd6 15. Qb3 Be6 16. Ng3 Rfe8 17. Nxf5 Na5 18. Qb5 Bxf5 19. Qxd5+ Be6 20. Qxe4 Bc4 21. Qc2 Bxe2 22. Qxe2 Qc4 23. Qxc4+ Nxc4 24. 0-0-0 Rac8 25. Kb1 Re6 26. Rd5 Bf8 27. Nd4 Rf6 28. Rf5 Rg6 29. g3 a6 30. Kc2 Rb6 31. b3 Nd6 32. Rd5 Ne4 33. Ne2 Nxf2 34. Re1 Ng4 35. Nf4 Bb4 36. Rd3 Ne5 37. Rd5 Rxc3+ 38. Kb1 Rc8 39. Red1 Ng4 40. Rd8+ Rxd8 41. Rxd8+ Bf8 42. e4 Ne5 43. Nd5 Rd6 44. Re8 Nc6 45. Nc7 Kf7 46. e5 Rd8 47. e6+ Kf6 48. Nd5+ Rxd5 49. Rxf8+ Kxe6 50. Rf2 Rf5 51. Re2+ Re5 52. Rf2 Nd4 53. Rf8 Rc5 54. Rb8 Rc7 55. Re8+ Kf5 56. Rf8+ Ke4 57. Rd8 Kd3 58. h4 Kc3 59. g4 Nf3 60. Kc1 Nxh4 61. Rd5 h6 62. g5 h5 63. g6 Nxg6 64. Rxh5 Kd3+ 65. Kb2 Nf4 66. Rf5 Ke4 67. Rf8 g5 68. a4 g4 69. b4 g3 70. b5 axb5 71. axb5 Rg7 72. Re8+ Kf3 0-1